[Event "WA Premier"]
[Site "Seattle"]
[Date "2007.02.10"]
[Round "2"]
[White "Gale, Geoff"]
[Black "Calpo, Benjamin"]
[Result "1-0"]
[WhiteElo "1964"]
[BlackElo "2008"]
[PlyCount "145"]
[EventDate "2007.02.??"]
[SourceDate "2007.02.11"]

1. e4 e5 2. Nf3 Nc6 3. d4 exd4 4. Nxd4 Nf6 5. Nc3 Bb4 6. Nxc6 dxc6 7. Qxd8+
Kxd8 8. f3 Be6 9. Bg5 Kc8 10. a3 Bxc3+ 11. bxc3 Nd7 12. Be3 a5 13. f4 Re8 14.
Kf2 f6 15. c4 Bf7 16. Bd3 a4 17. g4 b6 18. h4 Bg6 19. Kf3 h6 20. Rag1 Kb7 21.
g5 Bh5+ 22. Kf2 Re7 23. gxh6 gxh6 24. Rg3 Rae8 25. Rhg1 Rxe4 26. Bxe4 Rxe4 27.
Rg7 Nb8 28. c5 b5 29. c3 f5 30. Rh7 Re6 31. Rgg7 Na6 32. Re7 Rf6 33. Bd4 Rf8
34. Rxh6 Bg4 35. h5 Rd8 36. Rhh7 b4 37. axb4 a3 38. Rd7 a2 39. c4 Re8 40. Rhe7
Rxe7 41. Rxe7 Bxh5 42. Re3 Bd1 43. Ke1 Bc2 44. Kd2 Be4 45. Ra3 Bb1 46. Kc1 Nb8
47. Kb2 Nd7 48. Bg7 Kc8 49. Re3 Kd8 50. Re6 Bd3 51. Kb3 Nb8 52. Bf6+ Kc8 53.
Re8+ Kb7 54. Rd8 Bb1 55. Bd4 Na6 56. Be5 Ka7 57. Ka4 Kb7 58. Ka5 Be4 59. Ka4
Ka7 60. Kb3 Bb1 61. Rd7 Kb7 62. Re7 Bd3 63. Rh7 Kc8 64. Rh3 Bb1 65. Bd4 Kb7 66.
Kb2 Kc8 67. Rb3 Nb8 68. b5 cxb5 69. cxb5 c6 70. b6 Kb7 71. Rh3 Na6 72. Rh7+ Ka8
73. Ra7+ 1-0

[Event "WA Premier"]
[Site "Seattle"]
[Date "2007.02.10"]
[Round "2"]
[White "Sinanan, Josh"]
[Black "Kalina, Chris"]
[Result "1/2-1/2"]
[WhiteElo "2088"]
[BlackElo "1954"]
[PlyCount "108"]
[EventDate "2007.02.??"]
[SourceDate "2007.02.11"]

1. Nf3 Nf6 2. d4 g6 3. c4 Bg7 4. Nc3 O-O 5. g3 d6 6. Bg2 c5 7. d5 e5 8. O-O Nh5
9. Qc2 f5 10. a3 h6 11. b4 Nd7 12. Nd2 Qe7 13. Nb3 b6 14. Nb5 e4 15. Rb1 Ne5
16. bxc5 bxc5 17. a4 a6 18. Na3 Bd7 19. Na5 Rfb8 20. Bd2 Qe8 21. Rxb8 Rxb8 22.
Rb1 Qc8 23. f3 exf3 24. exf3 Qc7 25. Bc3 Rb4 26. Nc6 Rxb1+ 27. Nxb1 Nxc6 28.
dxc6 Bxc6 29. f4 Nf6 30. Bxc6 Qxc6 31. Qb2 Ne8 32. Bxg7 Nxg7 33. Nc3 Ne8 34.
Nd5 Qxa4 35. Qe2 Qd7 36. Qa2 Qb7 37. Qa4 Kf7 38. Qa1 a5 39. Qxa5 Qb1+ 40. Kg2
Qc2+ 41. Kh3 Qxc4 42. Qa7+ Ke6 43. Ne3 Qd3 44. Qa2+ d5 45. Qa8 Kd7 46. Nxd5
Qf1+ 47. Kh4 Qe2 48. Kh3 g5 49. Nb6+ Ke7 50. Qb7+ Kf8 51. Nd7+ Kg8 52. Qd5+ Kg7
53. fxg5 Qg4+ 54. Kg2 Qe2+ 1/2-1/2

[Event "WA Premier"]
[Site "Seattle"]
[Date "2007.02.11"]
[Round "3"]
[White "May, Andy"]
[Black "Gale, Geoff"]
[Result "1-0"]
[WhiteElo "2019"]
[BlackElo "1964"]
[PlyCount "65"]
[EventDate "2007.02.??"]
[SourceDate "2007.02.11"]

1. e4 c5 2. Nc3 Nc6 3. g3 g6 4. Bg2 Bg7 5. d3 d6 6. f4 e6 7. Nf3 Nge7 8. O-O
O-O 9. Be3 Nd4 10. e5 Nef5 11. Bf2 Nxf3+ 12. Qxf3 Nd4 13. Qd1 dxe5 14. fxe5
Bxe5 15. Na4 Bd7 16. c3 Nc6 17. Nxc5 Qc7 18. Ne4 f5 19. Bc5 fxe4 20. Bxf8 Rxf8
21. Rxf8+ Kxf8 22. d4 Bg7 23. Bxe4 Nd8 24. Qb3 Bc6 25. Qc4 Bf6 26. Rf1 Kg7 27.
Rf2 Qe7 28. Bc2 Bg5 29. Qd3 b5 30. h4 Bc1 31. Bb3 Ba8 32. Qxb5 Be3 33. Qe5+ 1-0

[Event "WA Premier"]
[Site "Seattle"]
[Date "2007.02.11"]
[Round "3"]
[White "Kalina, Chris"]
[Black "Smith, Allen"]
[Result "1/2-1/2"]
[WhiteElo "1954"]
[BlackElo "1816"]
[PlyCount "24"]
[EventDate "2007.02.??"]
[SourceDate "2007.02.11"]

1. d4 d5 2. c4 c6 3. cxd5 cxd5 4. Nc3 Nc6 5. Bf4 Nf6 6. e3 g6 7. Nf3 Bg7 8. Be2
O-O 9. h3 Re8 10. O-O a6 11. Rc1 Bf5 12. Na4 Nd7 1/2-1/2

[Event "WA Premier"]
[Site "Seattle"]
[Date "2007.02.11"]
[Round "3"]
[White "Calpo, Benjamin"]
[Black "Arganian, David"]
[Result "1/2-1/2"]
[WhiteElo "2008"]
[BlackElo "2020"]
[PlyCount "60"]
[EventDate "2007.02.??"]
[SourceDate "2007.02.11"]

1. e4 c5 2. Nf3 g6 3. Bc4 Bg7 4. c3 Qa5 5. O-O b5 6. Bd5 Nc6 7. a4 Nf6 8. Re1
O-O 9. axb5 Qxa1 10. Na3 Nxd5 11. exd5 Nb4 12. cxb4 Bxb2 13. Bxb2 Qxb2 14. Nc2
d6 15. d4 Bg4 16. bxc5 Bxf3 17. gxf3 Qxb5 18. Kh1 Rfe8 19. Qd2 e6 20. Rg1 exd5
21. Ne3 Rxe3 22. Qxe3 Re8 23. Qc3 Rc8 24. Rc1 Rc6 25. Kg2 a5 26. Qe3 dxc5 27.
Qe7 Kg7 28. Qe5+ Kg8 29. Qxd5 a4 30. dxc5 Rc8 1/2-1/2

[Event "WA Premier"]
[Site "Seattle"]
[Date "2007.02.11"]
[Round "3"]
[White "Ballard, Clint"]
[Black "Cloy, Elston"]
[Result "1/2-1/2"]
[WhiteElo "1913"]
[BlackElo "1959"]
[PlyCount "110"]
[EventDate "2007.02.??"]
[SourceDate "2007.02.11"]

1. f4 g6 2. e4 c5 3. d4 Bg7 4. d5 d6 5. Nc3 Nf6 6. Bb5+ Nfd7 7. Nf3 O-O 8. O-O
a6 9. Bxd7 Nxd7 10. Ne2 b5 11. a3 Nb6 12. Ng3 e6 13. dxe6 fxe6 14. e5 d5 15. b4
Qc7 16. bxc5 Nc4 17. Qd4 Bd7 18. Nd2 Nxe5 19. fxe5 Bxe5 20. Qe3 Rxf1+ 21. Ngxf1
Bxa1 22. c3 Qa5 23. c6 Bc8 24. Nb3 Qxc3 25. Nxa1 Qxa1 26. Qg5 Qg7 27. Qd8+ Qf8
28. c7 Bb7 29. Bg5 Rc8 30. Ne3 h5 31. h4 Kh7 32. Bf6 Qf7 33. Be5 d4 34. Qxd4
Rxc7 35. Bxc7 Qxc7 36. Kf2 e5 37. Qb4 Qf7+ 38. Ke2 Kg7 39. Qc3 Qe7 40. g4 Kh7
41. gxh5 gxh5 42. Nf5 Qf7 43. Qxe5 Qc4+ 44. Ke3 Qc1+ 45. Ke2 Qc2+ 46. Ke3 Qb3+
47. Kf4 Qf3+ 48. Kg5 Qg4+ 49. Kf6 Qg6+ 50. Ke7 Bc8 51. Nd6 Bg4 52. Ne8 Kh6 53.
Qf4+ Kh7 54. Nf6+ Kg7 55. Ne8+ Kh7 1/2-1/2

[Event "WA Premier"]
[Site "Seattle"]
[Date "2007.02.11"]
[Round "4"]
[White "Cloy, Elston"]
[Black "Kalina, Chris"]
[Result "1/2-1/2"]
[WhiteElo "1959"]
[BlackElo "1954"]
[PlyCount "31"]
[EventDate "2007.02.??"]
[SourceDate "2007.02.11"]

1. d4 Nf6 2. c4 g6 3. Nc3 Bg7 4. e4 d6 5. f3 O-O 6. Be3 e5 7. d5 Ne8 8. Qd2 f5
9. O-O-O c5 10. dxc6 bxc6 11. c5 Be6 12. cxd6 Nd7 13. exf5 gxf5 14. g4 f4 15.
Bf2 Qa5 16. Bd3 1/2-1/2

[Event "WA Premier"]
[Site "Seattle"]
[Date "2007.02.11"]
[Round "4"]
[White "Gale, Geoff"]
[Black "Arganian, David"]
[Result "1-0"]
[WhiteElo "1964"]
[BlackElo "2020"]
[PlyCount "81"]
[EventDate "2007.02.??"]
[SourceDate "2007.02.11"]

1. e4 c5 2. Nf3 g6 3. d4 cxd4 4. Nxd4 Nc6 5. c4 Nf6 6. Nc3 Bg7 7. Nc2 d6 8. Be2
O-O 9. O-O Nd7 10. Bd2 a5 11. Na3 Nc5 12. Nab5 f5 13. exf5 Bxf5 14. Be3 Ne4 15.
Bf3 Nxc3 16. Nxc3 Kh8 17. Qd2 Ne5 18. Be2 Rc8 19. b3 Ng4 20. Bxg4 Bxg4 21. h3
Bf5 22. Rad1 Qd7 23. f3 Rc6 24. Nd5 a4 25. Nb6 Qe6 26. Nxa4 b5 27. Nb6 bxc4 28.
Nxc4 Qc8 29. Bd4 e5 30. Bb2 Qc7 31. Kh1 Be6 32. Ne3 Bh6 33. Nd5 Qg7 34. Qb4 Qd7
35. Nb6 Qc7 36. Rxd6 Bg7 37. Bxe5 Rc1 38. Bxg7+ Kxg7 39. Rxc1 Qxc1+ 40. Kh2 Rf4
41. Qd2 1-0

[Event "WA Premier"]
[Site "Seattle"]
[Date "2007.02.11"]
[Round "4"]
[White "May, Andy"]
[Black "Ballard, Clint"]
[Result "1-0"]
[WhiteElo "2019"]
[BlackElo "1913"]
[PlyCount "61"]
[EventDate "2007.02.??"]
[SourceDate "2007.02.11"]

1. e4 e6 2. Nc3 d5 3. Nf3 dxe4 4. Nxe4 Nf6 5. Nxf6+ gxf6 6. d4 Qd6 7. Bd3 Bd7
8. O-O Nc6 9. Be3 h5 10. c4 O-O-O 11. a3 Bh6 12. b4 e5 13. d5 Bxe3 14. fxe3 Bg4
15. h3 e4 16. Bxe4 Ne5 17. hxg4 hxg4 18. Nxe5 Qxe5 19. Qxg4+ Kb8 20. Qf4 Qc3
21. Bf3 Rhg8 22. Qd4 Qc2 23. Qe4 Qb2 24. d6 c6 25. b5 Rde8 26. Qf4 Re5 27. Rab1
Qxa3 28. bxc6 Qxd6 29. Rxb7+ Kc8 30. Bg4+ Rxg4 31. Qxg4+ 1-0

[Event "WA Premier"]
[Site "Seattle"]
[Date "2007.02.11"]
[Round "4"]
[White "Smith, Allen"]
[Black "Guo, Alex"]
[Result "1-0"]
[WhiteElo "1816"]
[BlackElo "1922"]
[PlyCount "79"]
[EventDate "2007.02.??"]
[SourceDate "2007.02.11"]

1. e4 e6 2. d4 d5 3. Nc3 Bb4 4. e5 c5 5. Bd2 Ne7 6. Nb5 Bxd2+ 7. Qxd2 O-O 8.
Nf3 cxd4 9. Bd3 Nbc6 10. Nbxd4 f6 11. exf6 Rxf6 12. O-O-O Nxd4 13. Nxd4 e5 14.
Nb3 Qc7 15. f3 Be6 16. Rhe1 Bf7 17. Re2 a5 18. Kb1 a4 19. Nc1 Nc6 20. Rde1 Rc8
21. Qg5 Qd6 22. Qh4 Rh6 23. Qxa4 Rxh2 24. Bf5 Rd8 25. Bh3 Be6 26. Bxe6+ Qxe6
27. Nd3 Qd6 28. b3 h6 29. Nxe5 Nxe5 30. Rxe5 Rxg2 31. Re8+ Kh7 32. Rxd8 Qxd8
33. Qb5 Rd2 34. Qxb7 Qf6 35. Qb4 Rf2 36. Qc5 Qxf3 37. a4 Rd2 38. a5 d4 39. Qc4
Qf5 40. b4 $138 1-0

[Event "WA Premier"]
[Site "Seattle"]
[Date "2007.02.11"]
[Round "4"]
[White "Sinanan, Josh"]
[Black "Calpo, Benjamin"]
[Result "1/2-1/2"]
[WhiteElo "2088"]
[BlackElo "2008"]
[PlyCount "178"]
[EventDate "2007.02.??"]
[SourceDate "2007.02.11"]

1. d4 Nf6 2. Nf3 g6 3. c4 Bg7 4. Nc3 d6 5. Bg5 c6 6. e3 Qa5 7. Bd3 O-O 8. h3 a6
9. a4 e5 10. O-O Re8 11. dxe5 dxe5 12. e4 Nbd7 13. Bd2 Qc7 14. a5 Nc5 15. Bc2
Be6 16. b4 Ncd7 17. c5 Rad8 18. Qe2 h6 19. Rfd1 Nh5 20. Be3 Nf8 21. Nd2 Nf4 22.
Qf1 g5 23. Nc4 Bxc4 24. Qxc4 N8e6 25. Rxd8 Rxd8 26. Rd1 Nd4 27. Bd3 Qe7 28. Bf1
h5 29. g3 Nfe6 30. Bg2 Qf6 31. Qa2 Kh7 32. Qb1 Bh6 33. Nd5 cxd5 34. exd5+ Kg7
35. Kh1 Nc7 36. Bxd4 exd4 37. Qd3 Nb5 38. d6 Rd7 39. Kg1 Kg8 40. Qe2 Nxd6 41.
cxd6 Qxd6 42. Qxh5 d3 43. Be4 d2 44. Bf5 Rd8 45. Rxd2 Qxd2 46. Qxh6 g4 47. Qh7+
Kf8 48. Qh8+ Ke7 49. Qe5+ Kf8 50. Bxg4 Qd4 51. Qc7 Rd6 52. Qxb7 Rf6 53. Bf3 Qd3
54. Kg2 Qf5 55. h4 Kg7 56. h5 Rd6 57. Qc7 Qf6 58. Qc5 Re6 59. g4 Re5 60. Qd4
Re6 61. Qd2 Rd6 62. Qe3 Re6 63. Be4 Qe5 64. f3 Rd6 65. Kh3 Qa1 66. f4 Qf1+ 67.
Kh4 Qc4 68. Bf5 Qd4 69. Qe7 Qf6+ 70. Qxf6+ Kxf6 71. Bc8 Rd4 72. g5+ Kg7 73. Kg4
Rxb4 74. Bxa6 Ra4 75. h6+ Kf8 76. Bb5 Rxa5 77. Bc4 Rc5 78. Bb3 Rc3 79. Bd5 Rd3
80. Be4 Re3 81. Bh7 Re1 82. f5 Rh1 83. f6 Rg1+ 84. Kf4 Rf1+ 85. Ke5 Rg1 86. Kf4
Rf1+ 87. Ke5 Rg1 88. Kf5 Rf1+ 89. Kg4 Rg1+ 1/2-1/2

[Event "WA Premier"]
[Site "Seattle"]
[Date "2007.02.17"]
[Round "5"]
[White "Kalina, Chris"]
[Black "May, Andy"]
[Result "1/2-1/2"]
[WhiteElo "1954"]
[BlackElo "2019"]
[PlyCount "75"]
[EventDate "2007.02.??"]
[SourceDate "2007.02.11"]

1. Nf3 Nf6 2. d4 e6 3. Bg5 Be7 4. e3 b6 5. Be2 Bb7 6. O-O O-O 7. c4 c5 8. Nc3
h6 9. Bh4 Ne4 10. Bxe7 Qxe7 11. Rc1 d6 12. Qc2 Nxc3 13. Qxc3 Nd7 14. Rfd1 e5
15. d5 f5 16. e4 fxe4 17. Nd2 Nf6 18. Qe3 Qf7 19. Rf1 Qg6 20. Bd1 Bc8 21. Bc2
Bf5 22. h3 Nh5 23. Bxe4 Nf4 24. Kh2 Rf6 25. Rce1 Raf8 26. Qg3 Qh7 27. Qe3 h5
28. h4 Ng6 29. g3 Ne7 30. f4 Ng6 31. Bxf5 Rxf5 32. fxe5 Nxe5 33. Kg2 Qg6 34.
Rxf5 Rxf5 35. Qe4 Qf6 36. Rf1 Rxf1 37. Nxf1 Kf7 38. Ne3 1/2-1/2

[Event "WA Premier"]
[Site "Seattle"]
[Date "2007.02.17"]
[Round "5"]
[White "Arganian, David"]
[Black "Sinanan, Josh"]
[Result "1/2-1/2"]
[WhiteElo "2020"]
[BlackElo "2088"]
[PlyCount "146"]
[EventDate "2007.02.??"]
[SourceDate "2007.02.11"]

1. Nf3 Nf6 2. b4 e6 3. a3 b6 4. Bb2 Bb7 5. e3 c5 6. bxc5 bxc5 7. d4 cxd4 8.
exd4 d6 9. Bd3 Nbd7 10. O-O Rb8 11. Bc3 Qc7 12. Re1 Be7 13. Bd2 O-O 14. Nc3 a6
15. Qe2 Qc6 16. Ne4 Nxe4 17. Bxe4 Qxe4 18. Qxe4 Bxe4 19. Rxe4 Rfc8 20. c3 Nf6
21. Ree1 d5 22. a4 Ne4 23. Rab1 Rxb1 24. Rxb1 Nxd2 25. Nxd2 Rxc3 26. Rb8+ Bf8
27. Rb6 Rd3 28. Nf1 a5 29. Rb5 Rxd4 30. Rxa5 g6 31. Ra8 Kg7 32. a5 Ra4 33. a6
Ra2 34. g3 Bc5 35. Ne3 d4 36. Ng4 d3 37. Rd8 h5 38. Ne3 Bxe3 39. fxe3 d2 40. a7
d1=R+ 41. Rxd1 Rxa7 42. Rd2 Ra1+ 43. Kf2 Kf6 44. Kf3 Kf5 45. h4 e5 46. Rd5 Ra2
47. Rb5 Rd2 48. Ra5 f6 49. Rb5 g5 50. hxg5 fxg5 51. e4+ Ke6 52. Rb6+ Rd6 53.
Rb8 Rd3+ 54. Kf2 g4 55. Re8+ Kf6 56. Rf8+ Kg6 57. Rf5 Rf3+ 58. Rxf3 gxf3 59.
Kxf3 Kg5 60. Ke3 Kg4 61. Kf2 h4 62. gxh4 Kxh4 63. Ke3 Kg3 64. Ke2 Kf4 65. Kf2
Kxe4 66. Ke2 Kf4 67. Kf2 e4 68. Ke2 e3 69. Ke1 Ke5 70. Ke2 Ke4 71. Ke1 Kf3 72.
Kf1 e2+ 73. Ke1 Ke3 1/2-1/2

[Event "WA Premier"]
[Site "Seattle"]
[Date "2007.02.17"]
[Round "5"]
[White "Ballard, Clint"]
[Black "Gale, Geoff"]
[Result "0-1"]
[WhiteElo "1913"]
[BlackElo "1964"]
[PlyCount "82"]
[EventDate "2007.02.??"]
[SourceDate "2007.02.11"]

1. d4 Nf6 2. Nc3 d5 3. Bf4 e6 4. Nf3 c5 5. e3 Be7 6. dxc5 O-O 7. b4 a5 8. Nb5
axb4 9. Bc7 Qe8 10. Bd6 Na6 11. a3 Bd7 12. axb4 Bxb5 13. Bxb5 Qxb5 14. Bxe7
Qxb4+ 15. Nd2 Rfc8 16. Bxf6 gxf6 17. Rb1 Qc3 18. Qg4+ Kf8 19. Qd4 Rxc5 20. Rxb7
Qxd4 21. exd4 Rxc2 22. Ke2 Nc7 23. f4 Raa2 24. Rd1 Kg7 25. Rb3 Ne8 26. Rg3+ Kf8
27. Rh3 Nd6 28. Kd3 f5 29. Ke2 Ne4 30. Rd3 Nc3+ 31. Ke1 Nxd1 32. Kxd1 Ke7 33.
g3 Kf6 34. h3 Rcb2 35. Ke1 Ra1+ 36. Kf2 Rd1 37. Ke2 Rh1 38. h4 Rh2+ 39. Ke1 Ra2
40. Nf1 Rhg2 41. Ne3 Rg1+ 0-1

[Event "WA Premier"]
[Site "Seattle"]
[Date "2007.02.17"]
[Round "5"]
[White "Guo, Alex"]
[Black "Cloy, Elston"]
[Result "1-0"]
[WhiteElo "1922"]
[BlackElo "1959"]
[PlyCount "119"]
[EventDate "2007.02.??"]
[SourceDate "2007.02.11"]

1. c4 e6 2. Nc3 d5 3. cxd5 exd5 4. d4 c6 5. Nf3 Bf5 6. g3 Nf6 7. Bg2 Be7 8. O-O
O-O 9. Ne5 Nbd7 10. f4 Qb6 11. e3 h5 12. h3 Rad8 13. Kh2 Bb4 14. Bf3 Bxc3 15.
bxc3 g6 16. g4 hxg4 17. hxg4 Be4 18. g5 Bxf3 19. Qxf3 Nxe5 20. fxe5 Ne4 21. Kg2
Qa6 22. a4 b6 23. Ra2 Qc4 24. Rb2 Qxc3 25. Kg1 Nxg5 26. Qg4 f6 27. Rbf2 Qd3 28.
exf6 Nh7 29. f7+ Kg7 30. Qe6 Qe4 31. Qxe4 dxe4 32. Ba3 Ng5 33. Bxf8+ Rxf8 34.
Kg2 Nf3 35. Rc1 Nh4+ 36. Kg1 Nf5 37. Rxc6 Rxf7 38. Re6 Nxe3 39. Rxf7+ Kxf7 40.
Rxe4 Nf5 41. Kf2 Nd6 42. Re5 Nc4 43. Rb5 Nd6 44. Rd5 Ke6 45. Re5+ Kd7 46. Kf3
Nf7 47. Rb5 Kc6 48. d5+ Kc7 49. Ke3 Nd6 50. Rb1 Nf5+ 51. Ke4 Kd6 52. Rg1 Ne7
53. Rg5 a6 54. Re5 Kd7 55. Re6 Nc8 56. Ke5 g5 57. Rg6 b5 58. Rg7+ Ke8 59. Ke6
Kf8 60. Rb7 1-0

[Event "WA Premier"]
[Site "Seattle"]
[Date "2007.02.17"]
[Round "5"]
[White "Calpo, Benjamin"]
[Black "Smith, Allen"]
[Result "1-0"]
[WhiteElo "2008"]
[BlackElo "1816"]
[PlyCount "95"]
[EventDate "2007.02.??"]
[SourceDate "2007.02.11"]

1. e4 c5 2. Nf3 e6 3. d4 cxd4 4. Nxd4 a6 5. c4 Nf6 6. Nc3 d6 7. Be2 g6 8. O-O
Bg7 9. Bg5 O-O 10. Qd2 Qc7 11. Rac1 b6 12. Bh6 Bb7 13. Bxg7 Kxg7 14. f3 Nbd7
15. Kh1 h5 16. Rfd1 Rad8 17. Bf1 h4 18. Nce2 Rh8 19. Nf4 Rhe8 20. Nc2 Ne5 21.
Ne3 Rh8 22. Nh3 Kf8 23. b4 Ke7 24. Qb2 Rdg8 25. c5 bxc5 26. bxc5 dxc5 27. f4
Ned7 28. e5 Ne4 29. Bd3 Rb8 30. Qc2 Qc6 31. Nc4 Nc3 32. Rd2 Nd5 33. Be4 Qc7 34.
Rcd1 Rhd8 35. a3 N7b6 36. Nd6 Bc6 37. Qxc5 Na4 38. Qf2 Rh8 39. f5 gxf5 40. Bxd5
Bxd5 41. Rxd5 exd5 42. Qxf5 Rbf8 43. Nf4 Nb6 44. h3 Rhg8 45. Rb1 Kd8 46. Rxb6
Qc1+ 47. Kh2 f6 48. Rb8+ 1-0

[Event "WA Premier"]
[Site "Seattle"]
[Date "2007.02.17"]
[Round "6"]
[White "Smith, Allen"]
[Black "Arganian, David"]
[Result "1/2-1/2"]
[WhiteElo "1816"]
[BlackElo "2020"]
[PlyCount "34"]
[EventDate "2007.02.??"]
[SourceDate "2007.02.11"]

1. e4 c5 2. Nf3 g6 3. c4 Nc6 4. d4 cxd4 5. Nxd4 Nf6 6. Nc3 d6 7. Be2 Nxd4 8.
Qxd4 Bg7 9. O-O O-O 10. Bg5 Be6 11. Qd2 Re8 12. Rae1 Rc8 13. b3 Qa5 14. Bd3 Nd7
15. Nd5 Qxd2 16. Bxd2 Bxd5 17. exd5 Ne5 1/2-1/2

[Event "WA Premier"]
[Site "Seattle"]
[Date "2007.02.17"]
[Round "6"]
[White "May, Andy"]
[Black "Guo, Alex"]
[Result "0-1"]
[WhiteElo "2019"]
[BlackElo "1922"]
[PlyCount "88"]
[EventDate "2007.02.??"]
[SourceDate "2007.02.11"]

1. e4 e6 2. Nc3 d5 3. Nf3 c5 4. exd5 exd5 5. Bb5+ Nc6 6. Qe2+ Be7 7. O-O Bg4 8.
h3 Bxf3 9. Qxf3 Nf6 10. d3 O-O 11. Bxc6 bxc6 12. b3 Nd7 13. Na4 Bd6 14. Ba3 Ne5
15. Qd1 f5 16. Bxc5 f4 17. d4 Ng6 18. Qg4 Rf6 19. Rfe1 h5 20. Qxh5 f3 21. Bxd6
Qxd6 22. g3 Raf8 23. Kf1 Nf4 24. gxf4 Qxf4 25. Qg4 Qxg4 26. Re3 Qxh3+ 27. Ke1
Qh1+ 28. Kd2 Qxa1 29. Nc3 Qf1 30. Nd1 Qh3 31. a4 Re6 32. Rd3 Re2+ 33. Kc3 a5
34. Kb2 Qf1 35. Kc3 Re1 36. Ne3 Qxf2 37. Ng4 Qg3 38. Ne5 Rxe5 39. dxe5 Qxe5+
40. Kd2 f2 41. Re3 Qf4 42. Kd3 f1=Q+ 43. Re2 Q1f3+ 44. Re3 Q3xe3# 0-1

[Event "WA Premier"]
[Site "Seattle"]
[Date "2007.02.17"]
[Round "6"]
[White "Cloy, Elston"]
[Black "Calpo, Benjamin"]
[Result "1-0"]
[WhiteElo "1959"]
[BlackElo "2008"]
[PlyCount "95"]
[EventDate "2007.02.??"]
[SourceDate "2007.02.11"]

1. e4 e5 2. Nf3 Nc6 3. Bb5 a6 4. Ba4 Nf6 5. O-O Be7 6. Re1 d6 7. c3 b5 8. Bb3
O-O 9. h3 Na5 10. Bc2 c5 11. d4 Qc7 12. Nbd2 cxd4 13. cxd4 Bd7 14. Nf1 Rfc8 15.
Ne3 Bf8 16. b3 Nc6 17. Bb2 Ra7 18. Rc1 Qb8 19. Bb1 Re8 20. Nd5 a5 21. Nxf6+
gxf6 22. d5 Nb4 23. g4 Bh6 24. a3 Na6 25. Nh4 Kh8 26. Ng2 b4 27. a4 Rg8 28. f4
Qb6+ 29. Kh1 Nc7 30. Qf3 Ne8 31. Rc4 Bf8 32. Rec1 Be7 33. g5 fxg5 34. fxe5 dxe5
35. Bxe5+ f6 36. Bd4 Qb8 37. Ne3 Ra6 38. Ng4 Qf4 39. Qg2 h5 40. Rf1 Qb8 41. Nh6
Rg7 42. e5 g4 43. Nf5 fxe5 44. Nxg7 exd4 45. Qe4 Bf5 46. Nxf5 Bf6 47. Nd6 Ra7
48. Rc8 1-0

[Event "WA Premier"]
[Site "Seattle"]
[Date "2007.02.17"]
[Round "6"]
[White "Ballard, Clint"]
[Black "Kalina, Chris"]
[Result "0-1"]
[WhiteElo "1913"]
[BlackElo "1954"]
[PlyCount "72"]
[EventDate "2007.02.??"]
[SourceDate "2007.02.11"]

1. f4 d5 2. Nf3 c5 3. g3 b6 4. Bg2 Bb7 5. O-O Nf6 6. d3 e6 7. Qe1 Be7 8. b3 O-O
9. Bb2 Nc6 10. e4 dxe4 11. dxe4 Nb4 12. e5 Nxc2 13. Qe2 Nxa1 14. exf6 Bxf6 15.
Na3 Nxb3 16. axb3 Bxb2 17. Qxb2 Qd3 18. Nc4 Qd7 19. Nce5 Qc7 20. Qc2 h6 21. Bh3
Rad8 22. Qe2 Bd5 23. Qe3 Rd6 24. Nh4 Rfd8 25. f5 exf5 26. Bxf5 Be6 27. Ng4 Bd5
28. Re1 Bc6 29. Qe5 Qb8 30. Be4 Rd1 31. Bh7+ Kxh7 32. Qf5+ Kh8 33. Rxd1 Rxd1+
34. Kf2 Qd8 35. Nf3 Bxf3 36. Qxf3 Qd2+ 0-1

[Event "WA Premier"]
[Site "Seattle"]
[Date "2007.02.17"]
[Round "6"]
[White "Gale, Geoff"]
[Black "Sinanan, Josh"]
[Result "0-1"]
[WhiteElo "1964"]
[BlackElo "2088"]
[PlyCount "122"]
[EventDate "2007.02.??"]
[SourceDate "2007.02.11"]

1. e4 c5 2. Nf3 Nc6 3. d4 cxd4 4. Nxd4 Qb6 5. Nb3 Nf6 6. Nc3 e6 7. Bd3 Bb4 8.
O-O Bxc3 9. bxc3 d6 10. Ba3 Qc7 11. Re1 O-O 12. Nd4 a6 13. Nxc6 Qxc6 14. e5
dxe5 15. Bxf8 Kxf8 16. Rxe5 Qxc3 17. Re3 Qc7 18. Bf1 Bd7 19. Rb1 Bc6 20. c4 Rd8
21. Rd3 Re8 22. Rb2 h6 23. Rbd2 Ne4 24. Re2 Nc5 25. Rg3 e5 26. Qe1 a5 27. Rge3
f6 28. Qb1 Ne6 29. Qh7 Qf7 30. Rd2 Qh5 31. Rd6 Nd4 32. Rg3 Ke7 33. Rxc6 bxc6
34. Rxg7+ Kd6 35. Ra7 Kc5 36. Rxa5+ Kb4 37. a3+ Kc3 38. Qd3+ Kb2 39. Qd2+ Kb3
40. c5 Nf3+ 41. gxf3 Rg8+ 42. Bg2 Qg6 43. Qb4+ Ka2 44. Qc4+ Kb2 45. Qe2+ Kb3
46. Qd1+ Kb2 47. Qf1 Qc2 48. Kh1 Rd8 49. Qg1 Rd1 50. Bf1 Qc3 51. Ra6 Qxf3+ 52.
Bg2 Rxg1+ 53. Kxg1 Qd1+ 54. Bf1 Qd5 55. Bg2 e4 56. a4 f5 57. a5 Qxc5 58. Ra8
Qc1+ 59. Bf1 Qg5+ 60. Kh1 Qd2 61. a6 Qxf2 0-1

[Event "WA Premier"]
[Site "Seattle"]
[Date "2007.02.18"]
[Round "7"]
[White "Sinanan, Josh"]
[Black "Smith, Allen"]
[Result "1/2-1/2"]
[WhiteElo "2088"]
[BlackElo "1816"]
[PlyCount "81"]
[EventDate "2007.02.??"]
[SourceDate "2007.02.11"]

1. d4 d5 2. Nf3 Nf6 3. c4 c6 4. Nc3 e6 5. g3 Be7 6. Bg2 Nbd7 7. O-O O-O 8. b3
b6 9. Bb2 Bb7 10. Qc2 Qc7 11. Rfd1 a6 12. Rac1 Rac8 13. Qb1 Qb8 14. e4 dxe4 15.
Ng5 h6 16. Ngxe4 Nxe4 17. Qxe4 Nf6 18. Qe2 Rfe8 19. Qf1 Rcd8 20. Rd3 Rd7 21.
Rcd1 Red8 22. R1d2 Qa8 23. Qd1 b5 24. Ne2 bxc4 25. bxc4 c5 26. d5 exd5 27. Bxf6
Bxf6 28. Bxd5 Bxd5 29. Rxd5 Rxd5 30. Rxd5 Rxd5 31. cxd5 Qd8 32. Qd3 Qa5 33. Qc2
Qb5 34. Nf4 c4 35. Qe4 c3 36. d6 Qb2 37. Nd5 c2 38. Nxf6+ gxf6 39. Qg4+ Kf8 40.
Qc8+ Kg7 41. Qg4+ 1/2-1/2

[Event "WA Premier"]
[Site "Seattle"]
[Date "2007.02.18"]
[Round "7"]
[White "Kalina, Chris"]
[Black "Gale, Geoff"]
[Result "1/2-1/2"]
[WhiteElo "1954"]
[BlackElo "1964"]
[PlyCount "106"]
[EventDate "2007.02.??"]
[SourceDate "2007.02.11"]

1. Nf3 c5 2. c4 b6 3. g3 Bb7 4. Bg2 Nf6 5. O-O d6 6. Nc3 e6 7. d3 Be7 8. b3
Nbd7 9. Bb2 a6 10. e4 O-O 11. Qe2 Rc8 12. Nd2 Qc7 13. f4 Ne8 14. Rae1 g6 15. f5
Ng7 16. g4 Bh4 17. Rd1 Bf6 18. Nf3 Ne5 19. Nxe5 Bxe5 20. f6 Ne8 21. Nb1 d5 22.
Kh1 d4 23. g5 Bxh2 24. Rf3 Bf4 25. Bc1 Bxc1 26. Rxc1 Qe5 27. Qd2 h6 28. Rcf1
Qxg5 29. Qf2 e5 30. Bh3 Rd8 31. Rg3 Qh5 32. Kg2 Rd6 33. Bg4 Qg5 34. Be6 Qxf6
35. Qxf6 Nxf6 36. Rxg6+ Kh7 37. Rgxf6 Rg8+ 38. Kf2 Rxe6 39. Rxf7+ Rg7 40. Ke2
Bc8 41. Rf8 Bd7 42. Nd2 Be8 43. Rh1 Rg5 44. Kf2 Kg7 45. Rf3 Bh5 46. Rfh3 Rf6+
47. Ke1 Bg4 48. Rg3 Rf4 49. Rhg1 h5 50. Nf3 Kf6 51. Nxg5 Kxg5 52. Rf1 h4 53.
Rgg1 h3 1/2-1/2

[Event "WA Premier"]
[Site "Seattle"]
[Date "2007.02.18"]
[Round "7"]
[White "Calpo, Benjamin"]
[Black "May, Andy"]
[Result "1/2-1/2"]
[WhiteElo "2008"]
[BlackElo "2019"]
[PlyCount "106"]
[EventDate "2007.02.??"]
[SourceDate "2007.02.11"]

1. e4 c5 2. Nf3 Nc6 3. Bb5 Nf6 4. Qe2 Qc7 5. c3 e5 6. O-O d6 7. h3 a6 8. Bc4 b5
9. Bd5 Nxd5 10. exd5 Ne7 11. d4 Ng6 12. Re1 f6 13. dxe5 dxe5 14. c4 Bd7 15. Nc3
Rb8 16. b3 Bd6 17. cxb5 axb5 18. a4 bxa4 19. bxa4 O-O 20. Nb5 Rxb5 21. axb5 Rb8
22. Rb1 Qb7 23. b6 Bf5 24. Rb2 e4 25. Nh2 Be5 26. Rb5 Bd4 27. Qa2 Qd7 28. Qb3
Ne5 29. Be3 Nd3 30. Rf1 Be5 31. Rd1 Bxh3 32. Rxd3 exd3 33. Qxd3 Be6 34. f4 Bf5
35. Qb3 Bd4 36. Bxd4 cxd4 37. Rb4 Qd6 38. Nf3 Be4 39. Rb5 Bxf3 40. gxf3 Qxf4
41. b7 Qc1+ 42. Kf2 Qd2+ 43. Kg3 Qg5+ 44. Kf2 Qd2+ 45. Kg3 Qc3 46. Qa2 Kf8 47.
Qa6 Qc7+ 48. d6 Qc1 49. Qa5 Qg1+ 50. Kh3 Qh1+ 51. Kg3 Qg1+ 52. Kh3 Qh1+ 53. Kg3
Qg1+ 1/2-1/2